Statistics for Mayors of Zagreb

Click here to take the quiz!

General Stats

  • This quiz has been taken 4 times
  • The average score is 28 of 53

Answer Stats

TermMayor% Correct
2000-2002Milan Bandić
100%
2005-2021Milan Bandić
100%
2021-presentTomislav Tomašević
75%
1952-1963Većeslav Holjevac
75%
1892-1904Adolf Mošinsky
50%
1983-1984Aleksandar Varga
50%
1990-1993Boris Buzančić
50%
1993-1996Branko Mikša
50%
1869-1872Dragutin Cekuš
50%
1945-1949Dragutin Saili
50%
1920Dragutin Tončić
50%
1944-1945Eugen Starešinić
50%
1887-1890Ignjat Siebert
50%
1873-1876Ivan Vončina
50%
1941-1944Ivan Werner
50%
1932-1934Ivo Krbek
50%
1978-1982Ivo Latin
50%
1972-1978Ivo Vrhovec
50%
1910-1917Janko Holjac
50%
1851-1857Janko Kamauf
50%
1858-1861Johan Lichtenegger
50%
1857Josip F. Haerdtl
50%
1881-1885Josip Hoffman
50%
1967-1972Josip Kolar
50%
1941Jozo Dumandžić
50%
1868-1869Makso Mihalić
50%
1996-2000Marina Matulović-Dropulić
50%
1939-1941Mate Starčević
50%
1879-1881Matija Mrazović
50%
1982-1983Mato Mikić
50%
1986-1990Mato Mikić
50%
1949-1950Mika Špiljak
50%
1904-1910Milan Amruš
50%
1890-1892Milan Amruš
50%
1950-1951Milivoj Rukavina
50%
1951-1952Mirko Pavleković
50%
1885-1887Nikola Badovinac
50%
1872-1873Pavao Hatz
50%
1963-1967Pero Pirker
50%
1967Ratko Karlović
50%
1934-1936Rudolf Erber
50%
1876-1879Stanko Andrijević
50%
1928-1932Stjepan Srkulj
50%
1917-1919Stjepan Srkulj
50%
1873Stjepan Vrabčević
50%
1920Svetozar Delić
50%
1858Svetozar Kušević
50%
1937-1939Teodor Peičić
50%
1985-1986Tito Kosty
50%
1861-1868Vjekoslav Frigan
50%
1920-1928Vjekoslav Heinzel
50%
2002-2005Vlasta Pavić
50%
1984-1985Zorislav Šonje
50%

Score Distribution

Percentile by Number Answered

Percent of People with Each Score

Your Score History

You have not taken this quiz